| 000 | 00686nam a2200217Ia 4500 | ||
|---|---|---|---|
| 003 | GCL | ||
| 008 | 140319s9999 xx 000 0 ara d | ||
| 040 |
_aGCL / _cGCL |
||
| 082 | 0 | 4 |
_a956.9 _bح ا |
| 100 | 1 | _aحامد عبدالله ربيع | |
| 245 | 1 | 0 |
_aاطار الحركة السياسية فى المجتمع الاسرائيلى / _cحامد عبدالله ربيع |
| 300 | _a415 ص | ||
| 490 | _a | ||
| 650 | 0 | 4 | _aالعصر الحديث |
| 650 | 0 | 4 | _aالاحزاب السياسية |
| 650 | 0 | 4 | _aالصهيونية |
| 650 | 0 | 4 | _aالنظم السياسية |
| 650 | 0 | 4 | _aالمذاهب السياسية |
| 650 | 0 | 4 | _aاسرائيل - تاريخ |
| 942 |
_2ddc _cBK |
||
| 999 |
_c39048 _d39048 |
||